| 000 | 00435cam a22001217a 4500 | ||
|---|---|---|---|
| 008 | 180718b1966 xxu||||| |||| 00| 0 eng d | ||
| 082 | _aT25096x54 In2/1966 | ||
| 100 | _aCommittee on Plan Projects, New Delhi | ||
| 245 |
_aConference on management in the fourth plan, report _cby Committee on Plan Projects, Planning Commission |
||
| 260 |
_aNew Delhi _bGovernment of India _c1966 |
||
| 300 | _a13+p | ||
| 700 | _aIndia. Planning Commission | ||
| 999 |
_c497704 _d497704 |
||